LEADER 01035nam0-2200325---450- 001 990008139830403321 005 20050630103617.0 010 $a88-458-0869-6 035 $a000813983 035 $aFED01000813983 035 $a(Aleph)000813983FED01 035 $a000813983 100 $a20050630d2005----km-y0itay50------ba 101 0 $aita 102 $aIT 200 1 $aFinanza locale : entrate e spese dei bilanci consuntivi (comuni, province e regioni)$eanno 2000$fIstituto nazionale di statistica$ga cura di Agostino Buratti 210 $aRoma$cIstat$d2005 215 $a486 p.$d26 cm$e1 cd rom 225 1 $aAnnuario$fIstat$v9 610 0 $aFinanza locale$aItalia$a2000 676 $a336.945 702 1$aBuratti,$bAgostino 710 02$aIstat$0374421 801 0$aIT$bUNINA$gRICA$2UNIMARC 901 $aBK 912 $a990008139830403321 952 $aCDI-FLA-9-05-62$b10201$fMAS 959 $aMAS 996 $aFinanza locale : entrate e spese dei bilanci consuntivi (comuni, province e regioni$9756506 997 $aUNINA LEADER 00837nam0-2200301---450- 001 990009552530403321 005 20120330125101.0 035 $a000955253 035 $aFED01000955253 035 $a(Aleph)000955253FED01 035 $a000955253 100 $a20120330d1987----km-y0itay50------ba 101 0 $aita 102 $aIT 105 $a--------001cy 200 1 $aIcone della Madre di Dio$fSuor Maria Donadeo del monastero russo di Roma 210 $aBrescia$cEditrice Morcelliana$dİ1987 215 $a146 p.$cill.$d20 cm 610 0 $aMadonna$aIconografia 676 $a755$v22$zita 700 1$aDonadeo,$bMaria$0515977 801 0$aIT$bUNINA$gRICA$2UNIMARC 901 $aBK 912 $a990009552530403321 952 $a755 DON 1$b3730$fBFS 959 $aBFS 996 $aIcone della Madre di Dio$9853841 997 $aUNINA